[Event "Championnat de France des Jeunes - Juniors"]
[Site "AIX LES BAINS"]
[Date "2009.04.21"]
[Round "2.1"]
[White "Lagarde, Maxime"]
[Black "Valles, Manuel"]
[Result "1/2-1/2"]
[WhiteElo "2346"]
[BlackElo "2125"]
[Annotator ""]

1. e4 c5 2. Nf3 Nc6 3. d4 cxd4 4. Nxd4 Nf6 5. Nc3 e5 6. Ndb5 d6 7. Bg5 a6 8.
Na3 b5 9. Bxf6 gxf6 10. Nd5 Bg7 11. c3 f5 12. Bd3 Be6 13. Nxb5 axb5 14. Bxb5
Bd7 15. exf5 Nb8 16. Bd3 Na6 17. O-O Nc7 18. Be4 Nxd5 19. Qxd5 Ra6 20. Rfd1 O-O
21. Qd3 Rb6 22. a4 Rxb2 23. a5 Qc8 24. f6 Bxf6 25. Qxd6 Bf5 26. Bd5 Be6 27. c4
Qb8 1/2-1/2

[Event "Championnat de France des Jeunes - Juniors"]
[Site "AIX LES BAINS"]
[Date "2009.04.21"]
[Round "2.2"]
[White "Le Bail, Clara"]
[Black "Guilleux, Fabien"]
[Result "0-1"]
[WhiteElo "2048"]
[BlackElo "2313"]
[Annotator ""]

1. e4 c5 2. c3 Nf6 3. e5 Nd5 4. Nf3 Nc6 5. Bc4 e6 6. d4 cxd4 7. cxd4 d6 8. O-O
Be7 9. Qe2 O-O 10. Rd1 Bd7 11. Qe4 Rc8 12. exd6 Bxd6 13. Bxd5 exd5 14. Qxd5 Bg4
15. Nc3 Qd7 16. a3 Ne7 17. Qe4 Ng6 18. h3 Bf5 19. Qe2 Rfe8 20. Qb5 Bxh3 21.
Qxd7 Bxd7 22. Be3 a6 23. Rac1 Bg4 24. Nd5 f6 25. Nb6 Rxc1 26. Rxc1 Nf4 27. Kf1
Kf7 28. Rc3 Be6 29. Nd2 Nd5 30. Nxd5 Bxd5 31. Nc4 Bb8 32. g3 Bxc4+ 33. Rxc4
Bxg3 34. fxg3 Rxe3 35. Rc7+ Re7 36. Rc3 g5 37. Kf2 h5 38. Kf3 Kg6 39. d5 Kf5
40. Rd3 Ke5 0-1

[Event "Championnat de France des Jeunes - Junio"]
[Site "AIX LES BAINS"]
[Date "2009.04.20"]
[Round "2.3"]
[White "Houriez, Clement"]
[Black "Gras, Delphine"]
[Result "1-0"]
[WhiteElo "2284"]
[BlackElo "1982"]
[PlyCount "113"]

1. e4 c6 2. d4 d5 3. Nc3 dxe4 4. Nxe4 Bf5 5. Ng3 Bg6 6. Nf3 Nd7 7. h4 h6 8. h5
Bh7 9. Bd3 Bxd3 10. Qxd3 Qc7 11. Bd2 e6 12. O-O-O Ngf6 13. Ne4 Nxe4 14. Qxe4
Nf6 15. Qe2 Bd6 16. Kb1 O-O-O 17. c4 c5 18. Bc3 cxd4 19. Nxd4 a6 20. g3 Rd7 21.
Nf3 Rhd8 22. Rc1 Qc5 23. Nd4 Bc7 24. Nb3 Qf5+ 25. Ka1 Qg4 26. Qxg4 Nxg4 27.
Rhf1 f6 28. Kb1 Ne5 29. Nc5 Nd3 30. Nxd7 Nxc1 31. Nxf6 Ne2 32. Ne4 Nxc3+ 33.
Nxc3 Be5 34. Kc2 Rf8 35. Ne4 Rf5 36. Rh1 Kc7 37. b3 Bd4 38. Rh2 Ra5 39. Kd3 e5
40. f3 b5 41. g4 bxc4+ 42. Kxc4 Kc6 43. g5 hxg5 44. h6 gxh6 45. Rxh6+ Kc7 46.
a4 Be3 47. Rg6 Kb7 48. Rd6 Kc7 49. Rd3 Bd4 50. Rd1 Kc6 51. Rh1 Be3 52. Rh6+ Kb7
53. Rg6 Kc7 54. Kd3 Bf4 55. Rd6 Kc8 56. Kc4 Kc7 57. Kb4 1-0

[Event "Championnat de France des Jeunes - Junio"]
[Site "AIX LES BAINS"]
[Date "2009.04.20"]
[Round "2.4"]
[White "Lepigoche, Cyril"]
[Black "Brethes, Francois"]
[Result "1-0"]
[WhiteElo "1973"]
[BlackElo "2272"]
[PlyCount "67"]

1. c4 e5 2. g3 Nf6 3. Bg2 g6 4. Nc3 Bg7 5. d3 O-O 6. Nf3 Re8 7. Bg5 h6 8. Bxf6
Qxf6 9. O-O c6 10. Rb1 Qd8 11. Nd2 f5 12. Qc2 a5 13. a3 d6 14. b4 axb4 15. axb4
Be6 16. b5 Qc7 17. Rb2 Nd7 18. Rfb1 Nc5 19. Nb3 Nd7 20. Nd2 e4 21. dxe4 Qa5 22.
Rb4 Nc5 23. exf5 Bxf5 24. e4 Qa3 25. Nd1 Qd3 26. Qxd3 Nxd3 27. R4b3 Nc5 28. Re3
Bd7 29. Nb3 cxb5 30. cxb5 Ra2 31. Nxc5 dxc5 32. e5 Rxe5 33. Rxe5 Bxe5 34. Bd5+
1-0

[Event "Championnat de France des Jeunes - Junio"]
[Site "AIX LES BAINS"]
[Date "2009.04.20"]
[Round "2.5"]
[White "Congiu, Mathilde"]
[Black "Wojtkowski, Frederic"]
[Result "1-0"]
[WhiteElo "2212"]
[BlackElo "1923"]
[PlyCount "77"]

1. e4 c5 2. c3 d5 3. exd5 Qxd5 4. d4 e6 5. Nf3 Nc6 6. Be3 cxd4 7. cxd4 Nf6 8.
Nc3 Qd8 9. a3 a6 10. Bd3 Be7 11. O-O O-O 12. Qc2 h6 13. Rad1 Bd7 14. Rfe1 b5
15. Ne5 Rc8 16. Qe2 b4 17. axb4 Nxb4 18. Bxa6 Nxa6 19. Qxa6 Rb8 20. d5 exd5 21.
Nxd5 Bb5 22. Nxf6+ Bxf6 23. Rxd8 Bxa6 24. Rxf8+ Rxf8 25. Nd7 Bxb2 26. Nxf8 Kxf8
27. Rd1 Bc4 28. Bd4 Ba3 29. Ra1 Bd6 30. Ra8+ Ke7 31. Bxg7 Bd5 32. Bf8+ Kd7 33.
Ra7+ Bc7 34. Bxh6 Kc6 35. Be3 Bd8 36. Ra4 Kd6 37. h4 Ke6 38. h5 Kf6 39. h6 1-0

[Event "Championnat de France des Jeunes - Junio"]
[Site "AIX LES BAINS"]
[Date "2009.04.20"]
[Round "2.6"]
[White "Pouchon, Mickael"]
[Black "Frederic, Clement"]
[Result "0-1"]
[WhiteElo "1902"]
[BlackElo "2208"]
[PlyCount "68"]

1. e4 e6 2. Qe2 Be7 3. g3 d5 4. d3 Nf6 5. Bg2 c5 6. Bg5 h6 7. Bf4 Nc6 8. Nf3 b6
9. O-O Bb7 10. a4 g5 11. exd5 Nxd5 12. Bc1 Qc7 13. Na3 a6 14. Nc4 O-O-O 15. Bd2
Bf6 16. Rab1 g4 17. Ne1 h5 18. Ne3 Nde7 19. f3 Nd4 20. Qd1 gxf3 21. Nxf3 h4 22.
Ng4 Nxf3+ 23. Bxf3 Bd4+ 24. Kg2 hxg3 25. Bf4 e5 26. Bxg3 f5 27. Nf6 Rdf8 28. c3
Rxf6 29. cxd4 f4 30. dxe5 Rg6 31. Kg1 fxg3 32. Bg4+ Kb8 33. h3 Qxe5 34. Qe1
Qd4+ 0-1

[Event "Championnat de France des Jeunes - Junio"]
[Site "AIX LES BAINS"]
[Date "2009.04.20"]
[Round "2.7"]
[White "Favarel, Antoine"]
[Black "Roubert, Emile"]
[Result "1-0"]
[WhiteElo "2204"]
[BlackElo "1918"]
[PlyCount "81"]

1. e4 e5 2. Nf3 Nc6 3. Bb5 a6 4. Bxc6 dxc6 5. O-O Bg4 6. h3 h5 7. d3 Qf6 8. Be3
Bxf3 9. Qxf3 Qxf3 10. gxf3 Bd6 11. Nd2 Ne7 12. Nc4 Ng6 13. Rfd1 O-O-O 14. Kf1
f6 15. Ke2 Nf8 16. f4 exf4 17. Nxd6+ cxd6 18. Bxf4 Ne6 19. Be3 d5 20. f4 dxe4
21. dxe4 Rxd1 22. Rxd1 Re8 23. Kf3 g5 24. f5 Nf8 25. h4 g4+ 26. Kf4 Nd7 27. Bd4
Kc7 28. c4 b6 29. b4 Rd8 30. Bf2 b5 31. Bd4 bxc4 32. a3 Kc8 33. Rc1 Ne5 34.
Bxe5 fxe5+ 35. Kxe5 g3 36. Rxc4 Kd7 37. Rc2 Rg8 38. Rg2 Ke7 39. f6+ Kf7 40. Kf5
Rb8 41. Rxg3 1-0

[Event "Championnat de France des Jeunes - Junio"]
[Site "AIX LES BAINS"]
[Date "2009.04.20"]
[Round "2.8"]
[White "Saint-Gilles, Damien"]
[Black "Poignot, Quentin"]
[Result "0-1"]
[WhiteElo "1669"]
[BlackElo "2148"]
[PlyCount "112"]

1. d4 Nf6 2. Nf3 c5 3. e3 g6 4. b3 Bg7 5. Bb2 O-O 6. Bd3 b6 7. Nbd2 Bb7 8. O-O
d6 9. c4 cxd4 10. Bxd4 e5 11. Bc3 Nbd7 12. Bc2 Qe7 13. Ng5 d5 14. Ngf3 Rac8 15.
Bb2 Rfd8 16. Rc1 a6 17. Qe2 Rc7 18. Rfd1 Rdc8 19. Bb1 e4 20. Nd4 Nc5 21. Rc3
dxc4 22. Rxc4 b5 23. Rcc1 Nd5 24. a3 f5 25. Rc2 Be5 26. Rdc1 Nf6 27. h3 Nh5 28.
Ba2 Nd3 29. Rxc7 Rxc7 30. b4+ Kh8 31. Rxc7 Qxc7 32. N2b3 Bd5 33. f4 Bg7 34. g4
fxg4 35. hxg4 Ng3 36. Qd2 Qd7 37. f5 Nxb2 38. Qxb2 gxf5 39. Nc5 Qd8 40. Bxd5
Qxd5 41. Qg2 f4 42. Ne2 Qd1+ 43. Kh2 Qxe2 44. Qxe2 Nxe2 45. exf4 Nxf4 46. Nxe4
Nd5 47. Nc5 Nc7 48. Kg2 Bb2 49. a4 bxa4 50. Nxa4 Ba3 51. Kf3 Bxb4 52. Ke4 Kg7
53. Kf5 a5 54. Ke5 Kg6 55. Kf4 Nd5+ 56. Ke5 Nc3 0-1

[Event "Championnat de France des Jeunes - Junio"]
[Site "AIX LES BAINS"]
[Date "2009.04.20"]
[Round "2.9"]
[White "Bressac, Stephane"]
[Black "Doziere, Nicolas"]
[Result "1-0"]
[WhiteElo "2142"]
[BlackElo "1290"]
[PlyCount "71"]

1. e4 e5 2. Nf3 Nc6 3. Bc4 Bc5 4. c3 d6 5. d4 exd4 6. cxd4 Bb6 7. Bg5 Nge7 8.
Nc3 f6 9. Be3 Ng6 10. h4 h5 11. a3 Bg4 12. Qd3 Qd7 13. e5 Bf5 14. e6 Qxe6 15.
Bxe6 Bxd3 16. O-O-O Nf8 17. Rxd3 Nxe6 18. d5 Nc5 19. Bxc5 Bxc5 20. dxc6 bxc6
21. Nd4 g5 22. Ne6 Kf7 23. Nxc5 dxc5 24. Rd7+ Ke6 25. Rhd1 Rhg8 26. hxg5 fxg5
27. Ne4 c4 28. Nc5+ Kf6 29. Rxc7 Rgd8 30. Rxc6+ Kf7 31. Rc7+ Kg8 32. Rxd8+ Rxd8
33. Rxa7 g4 34. Ne4 h4 35. Nf6+ Kh8 36. Rh7# 1-0

[Event "Championnat de France des Jeunes - Junio"]
[Site "AIX LES BAINS"]
[Date "2009.04.20"]
[Round "2.10"]
[White "Duveau, Erwan"]
[Black "Brih, Touatia"]
[Result "0-1"]
[WhiteElo "1784"]
[BlackElo "1960"]
[PlyCount "66"]

1. d4 d5 2. Nf3 Nf6 3. e3 g6 4. Bd3 Bg7 5. c4 c6 6. O-O O-O 7. Nc3 Nbd7 8. b3
Re8 9. Re1 e5 10. Bf1 e4 11. Nd2 Nf8 12. cxd5 cxd5 13. Bb2 a6 14. Rc1 Qd6 15.
Ncb1 Ng4 16. g3 Qf6 17. Qe2 Nh6 18. h3 b6 19. Rc2 Bd7 20. a4 Rec8 21. Rec1 Rxc2
22. Rxc2 Rc8 23. Qd1 Rxc2 24. Qxc2 Ne6 25. Nc3 Qf5 26. Bg2 Ng5 27. g4 Qe6 28.
Nf1 f5 29. h4 Nf3+ 30. Bxf3 exf3 31. g5 f4 32. exf4 Qg4+ 33. Ng3 Qh3 0-1

[Event "Championnat de France des Jeunes - Junio"]
[Site "AIX LES BAINS"]
[Date "2009.04.20"]
[Round "2.11"]
[White "Scherrer, Gilles"]
[Black "Attarian, Florent"]
[Result "0-1"]
[WhiteElo "1768"]
[BlackElo "1894"]
[Annotator "Rivier,Sylvain"]
[PlyCount "40"]

1. c4 e6 2. Nc3 d5 3. cxd5 exd5 4. d4 f5 5. Bf4 c6 6. Nf3 Nf6 7. e3 Be7 8. Bd3
O-O 9. Qc2 Ne4 10. h3 Bd6 11. Bxd6 Qxd6 12. O-O-O a5 13. Rdg1 Na6 14. a3 b5 15.
Nb1 b4 16. Bxe4 fxe4 17. Ne5 c5 18. f3 cxd4 19. exd4 Bf5 20. Qb3 Rac8+ {suite
illisible} 0-1

[Event "Championnat de France des Jeunes - Junio"]
[Site "AIX LES BAINS"]
[Date "2009.04.20"]
[Round "2.12"]
[White "Grimmer, Jonathan"]
[Black "Dolz, Elisabeth"]
[Result "1-0"]
[WhiteElo "1875"]
[BlackElo "1718"]
[PlyCount "75"]

1. d4 Nf6 2. Nf3 g6 3. Nbd2 Bg7 4. e4 d6 5. Bd3 Nbd7 6. O-O O-O 7. Re1 e5 8. c3
c5 9. dxe5 Nxe5 10. Nxe5 dxe5 11. Nc4 Qc7 12. a4 Be6 13. Qe2 b6 14. f3 Nh5 15.
g3 f5 16. exf5 Bxf5 17. Bxf5 gxf5 18. Nxe5 Qxe5 19. Qxe5 Bxe5 20. Rxe5 Rae8 21.
Rxe8 Rxe8 22. Kf2 Kf7 23. a5 b5 24. Be3 Rc8 25. a6 Nf6 26. Ra5 b4 27. Rxc5 Rxc5
28. Bxc5 bxc3 29. bxc3 Nd5 30. Bxa7 Nc7 31. Ke3 Nxa6 32. Kd4 Nc7 33. Ke5 Kg6
34. c4 Na6 35. c5 Nb4 36. Kd6 Kg5 37. c6 Na6 38. Be3+ 1-0

[Event "Championnat de France des Jeunes - Junio"]
[Site "AIX LES BAINS"]
[Date "2009.04.20"]
[Round "2.13"]
[White "Flaquet, Sebastien"]
[Black "Esposito, Julie"]
[Result "1-0"]
[WhiteElo "1707"]
[BlackElo "1840"]
[PlyCount "87"]

1. c4 e6 2. Nc3 f5 3. g3 Nf6 4. Bg2 d5 5. d4 c6 6. Nf3 Bd6 7. Qc2 O-O 8. O-O
Nbd7 9. cxd5 cxd5 10. Bf4 Bxf4 11. gxf4 a6 12. b4 Ne4 13. Na4 Nb6 14. Nxb6 Qxb6
15. a3 Nd6 16. Qc5 Qxc5 17. bxc5 Nc4 18. Ne5 Nxe5 19. fxe5 Bd7 20. Rab1 Bc6 21.
h4 Kf7 22. f3 Rg8 23. e4 f4 24. Kf2 g5 25. hxg5 Rxg5 26. Rh1 h5 27. Rh4 dxe4
28. Rxf4+ Rf5 29. Rxf5+ exf5 30. fxe4 fxe4 31. Ke3 Rg8 32. Rf1+ Ke7 33. Bxe4
Bxe4 34. Kxe4 Rg4+ 35. Rf4 Rg3 36. d5 Rxa3 37. d6+ Ke8 38. Kd5 Rg3 39. Rb4 Rg8
40. c6 b5 41. c7 Kd7 42. e6+ Kc8 43. e7 Rg5+ 44. Kc6 1-0

[Event "Championnat de France des Jeunes - Junio"]
[Site "AIX LES BAINS"]
[Date "2009.04.20"]
[Round "2.14"]
[White "Le Berre, Tennessee"]
[Black "Gillet, Noel"]
[Result "0-1"]
[WhiteElo "1834"]
[BlackElo "1690"]
[PlyCount "50"]

1. e4 c5 2. Nf3 d6 3. d4 cxd4 4. Nxd4 Nf6 5. Nc3 a6 6. Bc4 e6 7. Bb3 b5 8. Bg5
Be7 9. Qf3 Bb7 10. O-O-O Nbd7 11. Bxe6 Nc5 12. Bb3 Nxb3+ 13. Nxb3 b4 14. Bxf6
Bxf6 15. Nd5 Bxd5 16. Rxd5 O-O 17. Qg3 Qe7 18. Rxd6 Be5 19. f4 Bxd6 20. e5 Bc5
21. f5 f6 22. e6 a5 23. h4 a4 24. Nd2 b3 25. cxb3 axb3 0-1

[Event "Championnat de France des Jeunes - Junio"]
[Site "AIX LES BAINS"]
[Date "2009.04.20"]
[Round "2.15"]
[White "Kopp, Tristan"]
[Black "Scalia, Jerome"]
[Result "0-1"]
[WhiteElo "1410"]
[BlackElo "1833"]
[PlyCount "152"]

1. e4 c5 2. Nf3 d6 3. Nc3 Nc6 4. Be2 g6 5. d4 cxd4 6. Nxd4 Bg7 7. Be3 Nf6 8. a3
Bd7 9. Qd2 Qa5 10. O-O O-O 11. b4 Qd8 12. Rfd1 Rc8 13. Rac1 Ne5 14. f3 Nc4 15.
Bxc4 Rxc4 16. Qd3 Qc8 17. Nd5 Nxd5 18. exd5 Rc3 19. Qe2 Rxa3 20. Qd2 Qc3 21.
Qxc3 Rxc3 22. Rd3 Rfc8 23. Rxc3 Rxc3 24. Bf2 a6 25. Ne2 Rc4 26. c3 e6 27. dxe6
fxe6 28. Be1 d5 29. Rd1 Ba4 30. Rb1 Bc2 31. Rc1 Bd3 32. Kf2 Kf7 33. Ke3 Bf5 34.
g3 Bh6+ 35. f4 e5 36. Bd2 Re4+ 37. Kf2 Bg4 38. Re1 Bxe2 39. Rxe2 Rxe2+ 40. Kxe2
exf4 41. gxf4 Ke6 42. h3 Kf5 43. Kf3 Bg7 44. Ke3 Bh6 45. Kf3 g5 46. fxg5 Bxg5
47. Be1 Bf6 48. Ke3 Be5 49. Kf3 d4 50. c4 Bf4 51. Ke2 Ke4 52. Kd1 d3 53. Bc3
Kf3 54. h4 Kg4 55. Be1 h5 56. Bf2 Bg3 57. Bxg3 Kxg3 58. Kd2 Kxh4 59. Kxd3 Kg3
60. b5 axb5 61. cxb5 h4 62. Kc4 h3 63. Kc5 h2 64. Kb6 h1=Q 65. Ka7 Kf4 66. b6
Qc6 67. Ka8 Qxb6 68. Kb8 Ke5 69. Ka8 Qa6+ 70. Kb8 b5 71. Kc7 Qd6+ 72. Kb7 Kd5
73. Ka7 Kc5 74. Kb7 Qd7+ 75. Kb8 Kb6 76. Ka8 Qc8# 0-1

[Event "Championnat de France des Jeunes - Junio"]
[Site "AIX LES BAINS"]
[Date "2009.04.20"]
[Round "2.16"]
[White "Perrusset, Barbara"]
[Black "Figier, Anthony"]
[Result "0-1"]
[WhiteElo "1817"]
[BlackElo "1630"]
[PlyCount "152"]

1. e4 e5 2. Nf3 Nc6 3. Nc3 g6 4. d4 Bg7 5. d5 Nd4 6. Nxd4 exd4 7. Nb5 c6 8.
Nd6+ Kf8 9. f4 Qe7 10. e5 Bxe5 11. fxe5 Qxe5+ 12. Be2 Qxd6 13. Qxd4 f6 14. O-O
Kg7 15. c4 b6 16. Qe4 Bb7 17. Qg4 cxd5 18. Bf4 Qc5+ 19. Kh1 Rd8 20. cxd5 Bxd5
21. Rac1 Qe7 22. Rfe1 h5 23. Qg3 h4 24. Qc3 Qe4 25. Bf3 Qxf4 26. Bxd5 Qd6 27.
Rcd1 Qc5 28. Qh3 Ne7 29. Bb3 Nf5 30. Rc1 Qf2 31. Rf1 Qxb2 32. Rb1 Qe5 33. Rfe1
Qa5 34. Qf3 Rhe8 35. Rxe8 Rxe8 36. Bc2 Re5 37. a4 Qd5 38. Qf2 h3 39. Bxf5 Qxg2+
40. Qxg2 hxg2+ 41. Kxg2 Rxf5 42. Rd1 Ra5 43. Rxd7+ Kh6 44. Rd4 b5 45. axb5 Rxb5
46. Ra4 a5 47. Kg3 Rf5 48. Kg4 Rh5 49. Kg3 Kg7 50. h4 Kf7 51. Kf3 g5 52. hxg5
Rxg5 53. Re4 Re5 54. Rd4 Ke6 55. Kf4 Rd5 56. Rc4 Kd6 57. Ke4 Rc5 58. Rd4+ Kc6
59. Rd1 Kb5 60. Rb1+ Ka6 61. Kd4 Rb5 62. Rh1 f5 63. Kc4 f4 64. Re1 a4 65. Re6+
Ka5 66. Re8 Rb6 67. Re5+ Ka6 68. Rf5 a3 69. Rf8 Rb7 70. Rf6+ Ka5 71. Rf5+ Ka4
72. Rf8 Rb4+ 73. Kc3 Rb3+ 74. Kc4 Rb5 75. Rf7 a2 76. Rxf4 Rb4+ 0-1

[Event "Championnat de France des Jeunes - Junio"]
[Site "AIX LES BAINS"]
[Date "2009.04.20"]
[Round "2.17"]
[White "Dabilougou, Quentin"]
[Black "Flores, Francisco"]
[Result "0-1"]
[WhiteElo "1010"]
[BlackElo "1810"]
[PlyCount "58"]

1. e4 c5 2. Nc3 e6 3. Nf3 d6 4. Bb5+ Bd7 5. a4 a6 6. Bd3 Nc6 7. O-O Nf6 8. h3
Be7 9. b3 Qc7 10. g4 h5 11. g5 Nh7 12. h4 Nf8 13. Bb2 Ng6 14. Ne2 e5 15. Kg2
Bg4 16. Nh2 Nxh4+ 17. Kg1 Nf3+ 18. Kg2 Nxh2 19. Kxh2 Bxg5 20. Rg1 Qe7 21. Rf1
Bf4+ 22. Ng3 Bxd1 23. Rfxd1 h4 24. Kg1 hxg3 25. Kf1 gxf2 26. Kxf2 Qh4+ 27. Kg2
Qg3+ 28. Kf1 Rh1+ 29. Ke2 Qg2# 0-1

[Event "Championnat de France des Jeunes - Junio"]
[Site "AIX LES BAINS"]
[Date "2009.04.20"]
[Round "2.18"]
[White "Assedo, Johaquim"]
[Black "Dupont, Ludovic"]
[Result "1-0"]
[WhiteElo "1799"]
[BlackElo "1350"]
[PlyCount "39"]

1. e4 e6 2. d4 d5 3. Nc3 Bb4 4. e5 Ne7 5. f4 O-O 6. Nf3 Nf5 7. g4 Nh4 8. Be3 f6
9. Nxh4 fxe5 10. Ng2 Bxc3+ 11. bxc3 exd4 12. cxd4 Nd7 13. Bd3 b6 14. g5 c5 15.
Qh5 g6 16. Bxg6 hxg6 17. Qxg6+ Kh8 18. Qh6+ Kg8 19. Qxe6+ Rf7 20. g6 1-0

[Event "Championnat de France des Jeunes - Cadets"]
[Site "AIX LES BAINS"]
[Date "2009.04.21"]
[Round "2.1"]
[White "Demuth, Adrien"]
[Black "Feryn, Alexandre"]
[Result "*"]
[WhiteElo "2330"]
[BlackElo "1989"]
[Annotator ""]

1. d4 Nf6 2. c4 g6 3. Nc3 Bg7 4. e4 d6 5. Nf3 O-O 6. Be2 e5 7. O-O Nc6 8. d5
Ne7 9. b4 a5 10. Ba3 axb4 11. Bxb4 b6 12. a4 Re8 13. Re1 Bf8 14. Qc2 c5 15.
dxc6 Nxc6 16. Ba3 Nd7 17. Nd5 Nc5 18. Bc1 Bg7 19. Qb1 Rb8 20. Bd1 Na5 21. Bg5
f6 22. Bh4 Be6 23. Nd2 Rf8 24. Bc2 Bh6 25. Nf1 Nxc4 26. Rd1 g5 27. Bg3 Qd7 28.
Qb4 Na5 29. Nxb6 Qc6 30. Qxa5 Rxb6 31. Ne3 Nb7 32. Qd2 g4 33. Bb1 Nc5 34. Ba2
Qxe4 35. Bxe6+ Nxe6 36. Qa2 Kf7 37. Nd5 Rc6 38. a5 Ra8 39. Rab1 Ra7 40. Qb3 Nc5
41. Qb8 Rd7 42. Qa8 Ra6 43. Qc8 Qa4 44. Nb6 Rxb6 45. axb6 f5 46. b7 Nxb7 47.
Ra1 Qb5 48. Rdb1 1-0

[Event "Championnat de France des Jeunes - Cadet"]
[Site "AIX LES BAINS"]
[Date "2009.04.20"]
[Round "2.2"]
[White "Mahiouz, Oualid"]
[Black "Massoni, Michael"]
[Result "1/2-1/2"]
[WhiteElo "1989"]
[BlackElo "2272"]
[PlyCount "123"]

1. e4 c5 2. Nc3 d6 3. f4 Nc6 4. Nf3 g6 5. Bc4 Bg7 6. O-O Nf6 7. d3 O-O 8. Qe1
Nd4 9. Nxd4 cxd4 10. Nd5 Nxd5 11. Bxd5 e6 12. Bb3 Qc7 13. Qg3 Bh8 14. Bd2 Bd7
15. a4 a5 16. Qe1 b6 17. h4 Bf6 18. g4 h5 19. g5 Bg7 20. Rc1 Rac8 21. c4 Bc6
22. Bd1 Qd7 23. b3 d5 24. Bf3 dxe4 25. Bxe4 Rfe8 26. Qe2 Bxe4 27. Qxe4 Rc5 28.
Rce1 Rf5 29. Bc1 Qd6 30. Re2 e5 31. Qf3 Re6 32. Re4 Qb4 33. Qd1 Qc5 34. Qc2 Kh7
35. Rf3 Qe7 36. Kf2 Qb4 37. Qd1 Qe7 38. Qe2 f6 39. Bb2 fxg5 40. fxg5 Qf7 41.
Ba3 Kg8 42. Bc1 Re8 43. Kg2 Rf8 44. Ba3 Rd8 45. Qf2 Kh7 46. Re1 Bf8 47. Bc1 Bd6
48. Rf1 Rf8 49. Qe2 Qb7 50. Qe4 Qxe4 51. dxe4 Rxf3 52. Rxf3 Rxf3 53. Kxf3 Kg7
54. Ke2 Kf7 55. Bd2 Ke6 56. Kd3 Ba3 57. c5 Bxc5 58. Be1 Kd6 59. Kc4 Ba3 60. Bf2
Bc1 61. Bg3 Bf4 62. Bxf4 1/2-1/2

[Event "Championnat de France des Jeunes - Cadet"]
[Site "AIX LES BAINS"]
[Date "2009.04.20"]
[Round "2.3"]
[White "Li, Frederic"]
[Black "Marcel, Valentin"]
[Result "1-0"]
[WhiteElo "2240"]
[BlackElo "1965"]
[PlyCount "85"]

1. Nf3 Nf6 2. c4 c5 3. Nc3 e6 4. g3 b6 5. Bg2 Bb7 6. O-O Be7 7. Re1 d6 8. e4
Nbd7 9. d4 cxd4 10. Nxd4 Qc7 11. Be3 a6 12. Rc1 O-O 13. f4 Rad8 14. f5 e5 15.
Nd5 Nxd5 16. cxd5 Nc5 17. Ne2 a5 18. a3 a4 19. Nc3 Ra8 20. Nxa4 Rfc8 21. Nc3
Qd7 22. Bf1 Ba6 23. b4 Bxf1 24. bxc5 Bc4 25. c6 Qc7 26. a4 Bd8 27. Rb1 Qa7 28.
Rb4 Qa6 29. Qd2 Rcb8 30. Reb1 Bc7 31. Qf2 Bd3 32. R1b2 b5 33. axb5 Qa1+ 34. Kg2
Ba5 35. Ra4 Bxc3 36. Rxa1 Bxe4+ 37. Kh3 Rxa1 38. Ra2 Be1 39. Qe2 Bxf5+ 40. g4
Bd3 41. Qxd3 Rxa2 42. c7 Rc8 43. b6 1-0

[Event "Championnat de France des Jeunes - Cadet"]
[Site "AIX LES BAINS"]
[Date "2009.04.20"]
[Round "2.4"]
[White "Walter, Benjamin"]
[Black "Blum, Nicolas"]
[Result "0-1"]
[WhiteElo "1922"]
[BlackElo "2234"]
[PlyCount "104"]

1. e4 c6 2. Nf3 d5 3. exd5 cxd5 4. Ne5 Nc6 5. d4 Nf6 6. Bb5 Bd7 7. Nxd7 Qxd7 8.
c3 e6 9. Bf4 Bd6 10. Bxd6 Qxd6 11. O-O O-O 12. Nd2 Rfc8 13. Qe2 Ne7 14. Nf3 Ng6
15. Ne5 a6 16. Bd3 Nf4 17. Qf3 Nxd3 18. Qxd3 b5 19. a3 Qb6 20. Qe3 a5 21. Nd3
Ne4 22. f3 Nd6 23. Rfc1 Nc4 24. Qe2 Re8 25. f4 Nd6 26. b4 Ne4 27. Qe1 Qc7 28.
g3 axb4 29. cxb4 Qb6 30. Nc5 Nd6 31. Qc3 Nc4 32. Re1 h6 33. Ra2 Qc6 34. Qd3 Ra7
35. Rc1 Qb6 36. Re1 Rea8 37. Rea1 Qd8 38. a4 bxa4 39. Rxa4 Rxa4 40. Rxa4 Rxa4
41. Nxa4 Qa8 42. Qd1 Qa7 43. Kh1 Nd6 44. Kg1 Nf5 45. Nc5 Qa2 46. Nb3 Ne3 47.
Qf3 Qxb3 48. b5 Qb1+ 49. Kf2 Nc4 50. f5 Qxb5 51. f6 Qb2+ 52. Kg1 Qxd4+ 0-1

[Event "Championnat de France des Jeunes - Cadet"]
[Site "AIX LES BAINS"]
[Date "2009.04.20"]
[Round "2.5"]
[White "Chahbazian, Tigran"]
[Black "Ludwig, Remi"]
[Result "1/2-1/2"]
[WhiteElo "1915"]
[BlackElo "2202"]
[Annotator "Rivier,Sylvain"]
[PlyCount "46"]

1. d4 Nf6 2. c4 c5 3. Nf3 g6 4. Nc3 Bg7 5. e3 O-O 6. Be2 cxd4 7. exd4 b6 8. O-O
Bb7 9. Be3 d5 10. Qd2 dxc4 11. Ne5 Nd5 12. Bxc4 e6 13. Bh6 Nxc3 14. bxc3 Bxe5
15. dxe5 Qxd2 16. Bxd2 Nd7 17. Bf4 Rac8 18. Be2 Bd5 19. Ba6 Rc5 20. Rfc1 Bc4
21. Bxc4 Rxc4 22. a4 Nc5 23. Rcb1 Rd8 {suite illisible} 1/2-1/2

[Event "Championnat de France des Jeunes - Cadet"]
[Site "AIX LES BAINS"]
[Date "2009.04.20"]
[Round "2.6"]
[White "Ollier, Pablo"]
[Black "Racle, Valentin"]
[Result "1-0"]
[WhiteElo "2200"]
[BlackElo "1947"]
[PlyCount "71"]

1. d4 Nf6 2. c4 g6 3. Nc3 Bg7 4. e4 d6 5. Nf3 O-O 6. Be2 c5 7. d5 e6 8. dxe6
fxe6 9. O-O Nc6 10. Bg5 a6 11. Qd2 Qc7 12. Rad1 Rd8 13. Qf4 e5 14. Qh4 Rf8 15.
h3 Be6 16. Nd5 Bxd5 17. cxd5 Nd4 18. Nxd4 exd4 19. Bd3 Rae8 20. Rfe1 b5 21. b3
Nh5 22. Be2 Nf6 23. Bg4 Nxg4 24. hxg4 c4 25. f4 Qa5 26. f5 d3 27. f6 Bh8 28.
bxc4 bxc4 29. Rb1 Rf7 30. e5 dxe5 31. Rxe5 Rxe5 32. Rb8+ Rf8 33. f7+ Kxf7 34.
Qxh7+ Bg7 35. Rb7+ Ke8 36. Qxg6+ 1-0

[Event "Championnat de France des Jeunes - Cadet"]
[Site "AIX LES BAINS"]
[Date "2009.04.20"]
[Round "2.7"]
[White "Wozniak, Julien"]
[Black "Villegas, Pierre"]
[Result "0-1"]
[WhiteElo "1906"]
[BlackElo "2195"]
[PlyCount "84"]

1. d4 Nf6 2. Nf3 g6 3. c3 Bg7 4. h4 d5 5. Bf4 Nbd7 6. e3 c5 7. Nbd2 b6 8. Ne5
Nxe5 9. Bxe5 O-O 10. Bd3 Nd7 11. Bxg7 Kxg7 12. h5 e5 13. hxg6 hxg6 14. Qe2 cxd4
15. exd4 exd4 16. O-O-O Re8 17. Qg4 dxc3 18. Nf3 Ne5 19. Qd4 Qf6 20. Nxe5 Qxe5
21. Qh4 Be6 22. Rde1 Qf6 23. Qh6+ Kg8 24. b3 Qg7 25. Qg5 c2 26. Bxc2 Rac8 27.
Kb1 Rxc2 28. Kxc2 Rc8+ 29. Kd1 d4 30. Qh6 Qxh6 31. Rxh6 Bg4+ 32. f3 Bh5 33.
Rxh5 gxh5 34. Kd2 Kg7 35. Re4 Rd8 36. Kd3 Kg6 37. Rxd4 Rxd4+ 38. Kxd4 h4 39.
Ke4 Kg5 40. Ke5 b5 41. Kd4 f5 42. Ke5 b4 0-1

[Event "Championnat de France des Jeunes - Cadet"]
[Site "AIX LES BAINS"]
[Date "2009.04.20"]
[Round "2.8"]
[White "Graca, Robert"]
[Black "Vidal, Llewellyn"]
[Result "1-0"]
[WhiteElo "2170"]
[BlackElo "1909"]
[PlyCount "109"]

1. Nf3 Nf6 2. c4 b6 3. g3 Bb7 4. Bg2 e6 5. O-O Be7 6. d4 O-O 7. d5 Qc8 8. Nc3
d6 9. e4 e5 10. Ne1 a5 11. Nd3 Na6 12. Qe2 Nd7 13. Be3 Bf6 14. a3 Nac5 15. Nxc5
bxc5 16. a4 Nb6 17. Nb5 Rd8 18. Rfd1 Nd7 19. Bh3 Qb8 20. Ra3 Nb6 21. Bd2 c6 22.
dxc6 Bxc6 23. Bc3 Be7 24. f3 Qb7 25. Be1 g6 26. Kf2 Ra6 27. Qc2 Raa8 28. Rad3
Bd7 29. Bxd7 Qxd7 30. b3 Ra6 31. Nxd6 Bxd6 32. Rxd6 Qxd6 33. Rxd6 Rxd6 34. Bc3
f6 35. Ke3 Nd7 36. f4 Kg7 37. Qb2 exf4+ 38. gxf4 Ra8 39. e5 Re8 40. Bxa5 fxe5
41. Bc3 Rde6 42. fxe5 Nb8 43. Ke4 Nc6 44. Kd5 Kf7 45. a5 Nb4+ 46. Bxb4 cxb4 47.
Kc5 Rxe5+ 48. Kxb4 Rf5 49. Ka4 Re4 50. Qd2 Rf6 51. Qd5+ Ree6 52. b4 Rf5 53.
Qd7+ Re7 54. Qc8 Rf2 55. Qb8 1-0

[Event "Championnat de France des Jeunes - Cadet"]
[Site "AIX LES BAINS"]
[Date "2009.04.20"]
[Round "2.9"]
[White "Hoareau, William"]
[Black "Najart, David"]
[Result "1-0"]
[WhiteElo "2138"]
[BlackElo "1903"]
[PlyCount "45"]

1. d4 Nf6 2. Nf3 g6 3. g3 Bg7 4. Bg2 O-O 5. O-O d6 6. b3 c6 7. Bb2 Nbd7 8. Re1
Qc7 9. e4 e5 10. c4 a6 11. Nc3 exd4 12. Nxd4 Nc5 13. b4 Ne6 14. Rc1 Re8 15. Nd5
Qd8 16. Nxe6 Rxe6 17. Nf4 Re8 18. Qd2 Qe7 19. Rcd1 Be6 20. Nxe6 Qxe6 21. Qxd6
Qxc4 22. Bxf6 Re6 23. Qd4 1-0